[Event "Thüringenliga 2016/2017"]
[Site "?"]
[Date "2016.11.27"]
[Round "3"]
[White "Sack, Matthias"]
[Black "Kölsch, Maximilian"]
[Result "1-0"]
[WhiteElo "1923"]
[BlackElo "2168"]
[PlyCount "61"]
[EventDate "2016.??.??"]
[WhiteTeam "SV Hermsdorf"]
[BlackTeam "SV Schott Jena"]

1. e4 c5 2. f4 Nc6 3. Nf3 g6 4. Bb5 Bg7 5. Bxc6 dxc6 6. O-O Bg4 7. Nc3 Nf6 8.
d3 e5 9. Qe1 exf4 10. Bxf4 Nh5 11. Bg5 Bf6 12. Bh6 Bxf3 13. Rxf3 Bg5 14. Bxg5
Qxg5 15. e5 O-O 16. Ne4 Qxe5 17. Nf6+ Qxf6 18. Rxf6 Nxf6 19. Qe5 Nd5 20. Re1
Rad8 21. a3 f6 22. Qg3 Rf7 23. Qf2 b6 24. Re6 f5 25. Qh4 Rdd7 26. c4 Nc7 27.
Rxc6 Rxd3 28. Qf4 Ne8 29. Qe5 Kf8 30. Rc8 Re7 31. Qf6+ 1-0

[Event "Thüringenliga 2016/2017"]
[Site "?"]
[Date "2016.11.27"]
[Round "3"]
[White "Hadlich, Gerald"]
[Black "August, Daniel"]
[Result "1/2-1/2"]
[WhiteElo "1812"]
[BlackElo "2019"]
[PlyCount "66"]
[EventDate "2016.??.??"]
[WhiteTeam "SV Hermsdorf"]
[BlackTeam "SV Schott Jena"]

1. e4 d6 2. d4 Nf6 3. Nc3 e5 4. Nf3 Nbd7 5. Bc4 Be7 6. O-O O-O 7. Re1 c6 8. a4
b6 9. h3 Bb7 10. Qe2 a6 11. Ba2 b5 12. axb5 axb5 13. b4 exd4 14. Nxd4 d5 15.
exd5 Bxb4 16. Bd2 Qb6 17. Nf5 Rae8 18. Qf3 cxd5 19. Qg3 g6 20. Nxd5 Nxd5 21.
Nh6+ Kg7 22. Nf5+ Kh8 23. Rxe8 Rxe8 24. Bxb4 Nxb4 25. Bxf7 Qf6 26. Rd1 Qxf7 27.
Nd6 Qe6 28. Nxe8 Nd5 29. Nc7 Nxc7 30. Qxc7 Bc6 31. Rd6 Qe1+ 32. Kh2 Qe5+ 33. g3
Qe1 1/2-1/2

[Event "Thüringenliga 2016/2017"]
[Site "?"]
[Date "2016.11.27"]
[Round "3"]
[White "Babrikowski, Peter"]
[Black "Baulig, Manuel"]
[Result "0-1"]
[WhiteElo "2084"]
[BlackElo "1761"]
[PlyCount "74"]
[EventDate "2016.??.??"]
[WhiteTeam "SV Schott Jena"]
[BlackTeam "SV Hermsdorf"]

1. e4 e6 2. d4 d5 3. e5 c5 4. c3 Nc6 5. Nf3 Qb6 6. a3 c4 7. Nbd2 Bd7 8. g3 Nge7
9. Bxc4 Na5 10. Bd3 Bb5 11. Qe2 Bxd3 12. Qxd3 Rc8 13. O-O Ng6 14. b4 Nc4 15.
Nxc4 Rxc4 16. Nd2 Rc7 17. c4 dxc4 18. Nxc4 Qa6 19. b5 Qa4 20. Ne3 Rd7 21. Nc4
Bc5 22. Be3 O-O 23. Nb2 Qa5 24. Qc4 Bb6 25. Rfd1 Rc7 26. Qe2 Qc3 27. Rdc1 Qb3
28. Rxc7 Bxc7 29. Rc1 Bb6 30. a4 Rd8 31. Rd1 Ne7 32. Rd2 Nf5 33. Qc4 Qxc4 34.
Nxc4 Bxd4 35. Bg5 Rd5 36. g4 Bc3 37. Rc2 Nd4 0-1

[Event "Thüringenliga 2016/2017"]
[Site "?"]
[Date "2016.11.27"]
[Round "3"]
[White "Sperhake, Franz"]
[Black "Jung, Florian"]
[Result "1-0"]
[WhiteElo "1819"]
[BlackElo "1929"]
[PlyCount "77"]
[EventDate "2016.??.??"]
[WhiteTeam "SV Hermsdorf"]
[BlackTeam "SV Schott Jena"]

1. e4 c5 2. Nf3 g6 3. d4 cxd4 4. Nxd4 Bg7 5. c4 Nc6 6. Be3 d6 7. Nc3 Nf6 8. Be2
O-O 9. Qd2 Nxd4 10. Bxd4 Be6 11. f3 Rc8 12. Nd5 Bxd5 13. cxd5 Nd7 14. Bxg7 Kxg7
15. Qd4+ Kg8 16. O-O Qb6 17. Qxb6 Nxb6 18. Rac1 Na4 19. Bb5 Nb6 20. a4 a6 21.
a5 Nxd5 22. Bxa6 bxa6 23. exd5 Rb8 24. Rc6 Rxb2 25. Rxa6 Ra2 26. Re1 Rb8 27.
Rb6 Rxb6 28. axb6 Rb2 29. Rxe7 Rxb6 30. Re2 Kg7 31. Kf2 Rb5 32. Rd2 Kf6 33. f4
Rb3 34. g3 Kf5 35. Rd4 Rb2+ 36. Ke3 h5 37. h3 Rh2 38. Kf3 Rxh3 39. Kg2 1-0

[Event "Thüringenliga 2016/2017"]
[Site "?"]
[Date "2016.11.27"]
[Round "3"]
[White "Bunke, Wilfried"]
[Black "Pietzsch, Gerhard"]
[Result "1/2-1/2"]
[WhiteElo "1942"]
[BlackElo "1832"]
[PlyCount "75"]
[EventDate "2016.??.??"]
[WhiteTeam "SV Schott Jena"]
[BlackTeam "SV Hermsdorf"]

1. d4 Nf6 2. c4 g6 3. Nc3 d5 4. cxd5 Nxd5 5. e4 Nxc3 6. bxc3 c5 7. Bc4 Bg7 8.
Ne2 O-O 9. O-O Qc7 10. d5 Nd7 11. Bb3 c4 12. Bc2 Nc5 13. Be3 Rd8 14. Nd4 a6 15.
Qe2 Nd7 16. a4 Ne5 17. h3 e6 18. f4 Nd3 19. dxe6 Bxe6 20. f5 Bd7 21. Bxd3 cxd3
22. Qxd3 Rac8 23. Bd2 b5 24. fxg6 hxg6 25. Qf3 Be8 26. axb5 axb5 27. Rab1 Qa7
28. Kh1 Qa2 29. Bg5 Rd6 30. Rbd1 Qc4 31. Rb1 Ra6 32. Rfd1 Ra3 33. Qf1 Qxf1+ 34.
Rxf1 Raxc3 35. Nxb5 R3c5 36. Nd6 Ra8 37. Nxe8 Rxe8 38. Bf6 1/2-1/2

[Event "Thüringenliga 2016/2017"]
[Site "?"]
[Date "2016.11.27"]
[Round "3"]
[White "Hädrich, Dirk"]
[Black "Jordan, Gunter"]
[Result "1/2-1/2"]
[WhiteElo "1770"]
[BlackElo "1879"]
[PlyCount "62"]
[EventDate "2016.??.??"]
[WhiteTeam "SV Hermsdorf"]
[BlackTeam "SV Schott Jena"]

1. d4 e6 2. Bf4 b6 3. Nf3 Bb7 4. Nbd2 f5 5. g3 Be7 6. Bg2 Nf6 7. O-O O-O 8. c3
Nd5 9. Nb3 Nxf4 10. gxf4 g5 11. fxg5 Bxg5 12. Ne5 Bxg2 13. Kxg2 d6 14. Nf3 Nd7
15. Nxg5 Qxg5+ 16. Kh1 Kh8 17. f4 Qh6 18. e3 Nf6 19. Nd2 Rg8 20. Qe2 Rg7 21.
Rg1 Rag8 22. Rxg7 Qxg7 23. Nf3 Ne4 24. Rg1 Qh6 25. Rxg8+ Kxg8 26. Qg2+ Kh8 27.
h3 Qh5 28. Kh2 h6 29. Kg1 Kh7 30. Kf1 Nd2+ 31. Ke2 Ne4 1/2-1/2

[Event "Thüringenliga 2016/2017"]
[Site "?"]
[Date "2016.11.27"]
[Round "3"]
[White "Schmidt, Lothar"]
[Black "Moje, Hans-Jürgen"]
[Result "1/2-1/2"]
[WhiteElo "1883"]
[BlackElo "1746"]
[PlyCount "85"]
[EventDate "2016.??.??"]
[WhiteTeam "SV Schott Jena"]
[BlackTeam "SV Hermsdorf"]

1. d4 d5 2. Nf3 Nc6 3. Bf4 Nf6 4. e3 a6 5. Nbd2 g6 6. h3 Bg7 7. c3 Bf5 8. g4
Bd7 9. Bd3 b5 10. Qe2 Na5 11. b3 Rc8 12. O-O Nb7 13. a4 c6 14. Rfc1 Nd6 15. Ne5
O-O 16. c4 bxc4 17. bxc4 a5 18. c5 Nde8 19. Rab1 Nc7 20. Rb6 Ne6 21. Bh2 h5 22.
Rcb1 hxg4 23. hxg4 Ne8 24. Ba6 Bxe5 25. Bxe5 N8c7 26. Bb7 Rb8 27. Bxc6 Rxb6 28.
Rxb6 Bxc6 29. Rxc6 Qd7 30. Rb6 Qxa4 31. g5 Qc2 32. f4 a4 33. Qh2 Qd1+ 34. Nf1
Qh5 35. Rb2 Qxh2+ 36. Rxh2 f6 37. gxf6 exf6 38. Bd6 Ra8 39. Ra2 Nb5 40. Nd2 Kf7
41. Nb1 Ra6 42. Bb8 Ra8 43. Bd6 1/2-1/2

[Event "Thüringenliga 2016/2017"]
[Site "?"]
[Date "2016.11.27"]
[Round "3"]
[White "Wegerich, Michael"]
[Black "Middelhoff, Cornelius"]
[Result "0-1"]
[WhiteElo "1969"]
[BlackElo "2054"]
[PlyCount "114"]
[EventDate "2016.??.??"]
[WhiteTeam "SV Ammern"]
[BlackTeam "TSG Apolda"]

1. d4 d5 2. Nf3 Nf6 3. Bf4 c5 4. c3 Qb6 5. Qb3 Nc6 6. e3 c4 7. Qxb6 axb6 8.
Nbd2 b5 9. Be2 e6 10. O-O b4 11. Rfc1 b5 12. Ne5 Bb7 13. Ndf3 Be7 14. Nxc6 Bxc6
15. Ne5 Bb7 16. Bf3 O-O 17. Bg5 h6 18. Bh4 g5 19. Bg3 Ra7 20. cxb4 Bxb4 21. a3
Rfa8 22. Rab1 Be7 23. h4 Ne4 24. Bxe4 dxe4 25. hxg5 hxg5 26. Rc2 Bd5 27. Rf1 f6
28. Ng6 Bd8 29. f4 exf3 30. gxf3 Kg7 31. e4 Bb7 32. Nf4 gxf4 33. Bxf4 Bb6 34.
Rg2+ Kf7 35. Rd1 Rg8 36. Kf2 Raa8 37. Be3 Rxg2+ 38. Kxg2 Rd8 39. Kf2 e5 40. d5
Bxe3+ 41. Kxe3 Rh8 42. Rd2 Bc8 43. Rf2 Rh3 44. Kd2 Bd7 45. Rf1 Ke7 46. Kc3 Bg4
47. Kb4 Rxf3 48. Rg1 Rf4 49. Kc5 Rxe4 50. Rh1 Re2 51. Rh7+ Kf8 52. Kxb5 Rxb2+
53. Kxc4 Rd2 54. Ra7 Bf3 55. Rd7 Rxd5 56. Rxd5 Bxd5+ 57. Kxd5 Ke7 0-1

[Event "Thüringenliga 2016/2017"]
[Site "?"]
[Date "2016.11.27"]
[Round "3"]
[White "Rohmeiß, Roberto"]
[Black "Schorch, Rüdiger"]
[Result "1/2-1/2"]
[WhiteElo "1995"]
[BlackElo "1926"]
[PlyCount "93"]
[EventDate "2016.??.??"]
[WhiteTeam "TSG Apolda"]
[BlackTeam "SV Ammern"]

1. d4 Nf6 2. Nf3 d5 3. e3 e6 4. Bd3 c5 5. b3 Bd6 6. Nbd2 O-O 7. Bb2 b6 8. O-O
Bb7 9. Ne5 Nc6 10. c4 cxd4 11. exd4 Nb4 12. Bb1 Rc8 13. a3 Nc6 14. f4 Ne7 15.
Qe2 Bb8 16. Bd3 Nf5 17. Ndf3 Ne4 18. cxd5 exd5 19. Nd2 Nfd6 20. Rac1 Rxc1 21.
Rxc1 f6 22. Nc6 Bxc6 23. Rxc6 Re8 24. Nxe4 Nxe4 25. Qg4 Qe7 26. Qf5 Kh8 27. Rc8
Rd8 28. Rxd8+ Qxd8 29. Bxe4 dxe4 30. Qxe4 g6 31. g3 Kg7 32. d5 Bd6 33. Kg2 b5
34. Qd4 Qe7 35. b4 a6 36. h4 Kf7 37. Kf3 h5 38. Qe4 f5 39. Qxe7+ Kxe7 40. Bd4
Kd7 41. Be5 Be7 42. Ke3 Bd8 43. Kd3 Bb6 44. Ke2 Bd8 45. Kd3 Bb6 46. Ke2 Bd8 47.
Kd3 1/2-1/2

[Event "Thüringenliga 2016/2017"]
[Site "?"]
[Date "2016.11.27"]
[Round "3"]
[White "Thon, Philipp"]
[Black "Goemann, Jens"]
[Result "1-0"]
[WhiteElo "1783"]
[BlackElo "2057"]
[PlyCount "49"]
[EventDate "2016.??.??"]
[WhiteTeam "SV Ammern"]
[BlackTeam "TSG Apolda"]

1. e4 e6 2. d4 d5 3. exd5 exd5 4. Nf3 Nc6 5. Be2 Bd6 6. O-O Qf6 7. Nc3 Nge7 8.
Bg5 Qg6 9. Nb5 h6 10. Bxe7 Nxe7 11. Ne5 Bxe5 12. dxe5 Qb6 13. a4 O-O 14. Ra3 c6
15. a5 Qc5 16. Nd6 Ng6 17. Nxc8 Raxc8 18. a6 b5 19. Bg4 Rc7 20. e6 f5 21. Bh5
Rf6 22. Rg3 Kh7 23. Qf3 Qxc2 24. Rxg6 Rxg6 25. Bxg6+ 1-0

[Event "Thüringenliga 2016/2017"]
[Site "?"]
[Date "2016.11.27"]
[Round "3"]
[White "Carnot, Luca"]
[Black "Kampfhenkel, Ulrich"]
[Result "0-1"]
[WhiteElo "1808"]
[BlackElo "1900"]
[PlyCount "46"]
[EventDate "2016.??.??"]
[WhiteTeam "TSG Apolda"]
[BlackTeam "SV Ammern"]

1. Nf3 Nf6 2. d4 b6 3. e3 Bb7 4. c4 e6 5. Nc3 Bb4 6. Bd2 O-O 7. Be2 Bxc3 8.
Bxc3 Ne4 9. Rc1 d6 10. O-O Nd7 11. Bb4 a5 12. Ba3 f5 13. Qa4 Rf6 14. Rfd1 Rg6
15. c5 b5 16. Bxb5 Nexc5 17. dxc5 Bxf3 18. g3 Bxd1 19. Rxd1 Rg4 20. Qb3 d5 21.
Bc6 a4 22. Qc3 Rc4 23. Qd2 Ne5 0-1

[Event "Thüringenliga 2016/2017"]
[Site "?"]
[Date "2016.11.27"]
[Round "3"]
[White "Kurze, Christoph"]
[Black "Maiwald, Harald"]
[Result "0-1"]
[WhiteElo "1845"]
[BlackElo "1959"]
[PlyCount "112"]
[EventDate "2016.??.??"]
[WhiteTeam "SV Ammern"]
[BlackTeam "TSG Apolda"]

1. e4 c6 2. d4 d5 3. exd5 cxd5 4. c4 Nf6 5. Nc3 g6 6. c5 Bg7 7. Nf3 O-O 8. Be2
Nc6 9. O-O Ne4 10. h3 b6 11. Qa4 Na5 12. cxb6 Nxc3 13. bxc3 axb6 14. Qb4 Ba6
15. Re1 e6 16. Bf4 Bxe2 17. Rxe2 Nc4 18. Nd2 Na3 19. Nb1 Nc4 20. Nd2 Qf6 21.
Bc7 Rfc8 22. Nxc4 Rxc7 23. Nxb6 Bf8 24. Qb5 Ra3 25. Nd7 Qd8 26. Nxf8 Qxf8 27.
Qb6 Rcxc3 28. Rb1 Qc8 29. Rb3 Rcxb3 30. axb3 Qc1+ 31. Kh2 Qf4+ 32. g3 Qf3 33.
Qb8+ Kg7 34. Qe5+ Kh6 35. h4 Rxb3 36. Qg5+ Kg7 37. Qe5+ Qf6 38. Qxf6+ Kxf6 39.
Rd2 Kf5 40. Kg2 Ke4 41. Ra2 h5 42. Ra7 Rf3 43. Ra4 Rf5 44. Kf1 g5 45. hxg5 Rxg5
46. Ke2 Rf5 47. Rb4 h4 48. gxh4 Rh5 49. Rb7 Rh7 50. Rb4 Rxh4 51. Rb7 Rf4 52.
Rb4 Rf3 53. Ra4 Rc3 54. Ra7 Rc2+ 55. Ke1 Kd3 56. f4 Ke3 0-1

[Event "Thüringenliga 2016/2017"]
[Site "?"]
[Date "2016.11.27"]
[Round "3"]
[White "Schmidt, Matthias"]
[Black "Breuer, Harald"]
[Result "1-0"]
[WhiteElo "1956"]
[BlackElo "1818"]
[PlyCount "65"]
[EventDate "2016.??.??"]
[WhiteTeam "TSG Apolda"]
[BlackTeam "SV Ammern"]

1. e4 c5 2. b3 d6 3. Bb2 Nf6 4. Nc3 e6 5. f4 Be7 6. Bb5+ Bd7 7. Bxd7+ Qxd7 8.
Nf3 Nc6 9. O-O O-O 10. d3 Rac8 11. Qe2 a6 12. Nd1 b5 13. a4 Qb7 14. Ne3 Rc7 15.
e5 Nd7 16. exd6 Bxd6 17. f5 e5 18. Ng5 Nd4 19. Bxd4 cxd4 20. f6 Nxf6 21. Nf5
Qd5 22. axb5 axb5 23. Ra6 Rc6 24. Ne4 Nxe4 25. dxe4 Qc5 26. b4 d3+ 27. bxc5
dxe2 28. Rxc6 exf1=Q+ 29. Kxf1 Bb8 30. Rb6 g6 31. Ne7+ Kg7 32. Rb7 Re8 33. Ke2
1-0

[Event "Thüringenliga 2016/2017"]
[Site "?"]
[Date "2016.11.27"]
[Round "3"]
[White "Salaske, Peter"]
[Black "Krug, Klaus-Peter"]
[Result "1-0"]
[WhiteElo "1774"]
[BlackElo "1825"]
[PlyCount "71"]
[EventDate "2016.??.??"]
[WhiteTeam "SV Ammern"]
[BlackTeam "TSG Apolda"]

1. e4 e6 2. d4 d5 3. Nd2 Nf6 4. e5 Nfd7 5. Ngf3 Be7 6. Bd3 c5 7. c3 Nc6 8. O-O
Qb6 9. Re1 cxd4 10. cxd4 Nxd4 11. Nxd4 Qxd4 12. Nf3 Qb6 13. Qa4 Qb4 14. Qc2
Nxe5 15. Rxe5 Bd7 16. a3 Qb6 17. Be3 Qd8 18. Bd4 Rc8 19. Qd2 Bf6 20. Ree1 Bxd4
21. Nxd4 Qb6 22. Nf5 Kf8 23. Qg5 exf5 24. Qe7+ Kg8 25. Qxd7 Qc6 26. Qxc6 bxc6
27. Bxf5 Rd8 28. Bd7 c5 29. Re8+ Rxe8 30. Bxe8 g6 31. Bc6 d4 32. Rc1 Kg7 33.
Rxc5 Rc8 34. b4 d3 35. Kf1 a5 36. b5 1-0

[Event "Thüringenliga 2016/2017"]
[Site "?"]
[Date "2016.11.27"]
[Round "3"]
[White "Henzgen, Nick"]
[Black "Hentrich, Jörg"]
[Result "0-1"]
[WhiteElo "1549"]
[BlackElo "1749"]
[PlyCount "66"]
[EventDate "2016.??.??"]
[WhiteTeam "TSG Apolda"]
[BlackTeam "SV Ammern"]

1. e4 e5 2. Nf3 f5 3. Nxe5 Qf6 4. Nc4 fxe4 5. Nc3 Qg6 6. Qe2 Nf6 7. d3 d5 8.
Ne5 Qf5 9. f4 Bd6 10. g4 Qe6 11. dxe4 Bxe5 12. exd5 Bxc3+ 13. bxc3 Qxe2+ 14.
Bxe2 Nxd5 15. Bd2 O-O 16. Bc4 Re8+ 17. Kf2 c6 18. Rhe1 Bd7 19. f5 b5 20. Bb3
Na6 21. c4 bxc4 22. Bxc4 Nc5 23. Kf3 Rxe1 24. Rxe1 Re8 25. Rb1 Kh8 26. h4 h5
27. g5 Bxf5 28. Bf4 Bg4+ 29. Kg3 Ne4+ 30. Kh2 Nxf4 31. Bf7 Rf8 32. g6 Nd6 33.
Rf1 Nxg6 0-1

[Event "Landesklasse Ost 2016/2017"]
[Site "?"]
[Date "2016.11.06"]
[Round "2"]
[White "Mißbach, Bernd"]
[Black "Hoffmann, Tim"]
[Result "0-1"]
[WhiteElo "1916"]
[BlackElo "2048"]
[PlyCount "118"]
[EventDate "2016.??.??"]
[WhiteTeam "SV Jenapharm Jena"]
[BlackTeam "ESV Gera"]

1. Nf3 Nf6 2. g3 e6 3. Bg2 d5 4. b3 Be7 5. Bb2 c5 6. e3 O-O 7. O-O Nc6 8. d3
Qc7 9. Nbd2 e5 10. e4 dxe4 11. Nxe4 Nxe4 12. dxe4 Be6 13. c3 a5 14. Qc2 a4 15.
c4 Nd4 16. Qd3 f6 17. Nxd4 cxd4 18. f4 Qb6 19. f5 Bf7 20. Bf3 Ra6 21. Kg2 Rfa8
22. Rfb1 axb3 23. axb3 Ra2 24. Rxa2 Rxa2 25. Kf1 Qb4 26. Bd1 Bd8 27. h3 Ba5 28.
Bc2 h6 29. Kg2 Kh8 30. g4 Be8 31. h4 Qd2+ 32. Qxd2 Bxd2 33. Kf3 h5 34. Bd1
hxg4+ 35. Kxg4 Bc6 36. Kf3 Kh7 37. h5 b5 38. Be2 b4 39. Bd3 Be8 40. Kg4 Bf7 41.
Bc1 Bc3 42. Bf1 Rf2 43. Bd3 Rg2+ 44. Kh3 Rg1 45. c5 Be8 46. Kh2 Rd1 47. Be2 Re1
48. Bd3 Bc6 49. Kg3 Rxe4 50. Bxe4 Bxe4 51. Rb2 Bxb2 52. Bxb2 Bxf5 53. c6 Be6
54. c7 Kg8 55. Bc1 Kf7 56. Bd2 Ke8 57. Bxb4 f5 58. Kh4 Kd7 59. Kg5 f4 0-1

[Event "Landesklasse Ost 2016/2017"]
[Site "?"]
[Date "2016.11.06"]
[Round "2"]
[White "Puschendorf, Steffen"]
[Black "Wicklein, Stefan"]
[Result "1-0"]
[WhiteElo "2031"]
[BlackElo "1938"]
[PlyCount "129"]
[EventDate "2016.??.??"]
[WhiteTeam "ESV Gera"]
[BlackTeam "SV Jenapharm Jena"]

1. d4 d5 2. c4 c6 3. Nf3 e6 4. Qc2 Bb4+ 5. Bd2 Be7 6. Nc3 Nf6 7. e4 dxe4 8.
Nxe4 b6 9. Bd3 Bb7 10. O-O Nbd7 11. Rad1 c5 12. Bc3 cxd4 13. Bxd4 Qc7 14. Rfe1
Nxe4 15. Bxe4 Bxe4 16. Qxe4 O-O 17. Ne5 Nf6 18. Qf3 Rac8 19. a3 Rfd8 20. b4 Rd6
21. b5 h6 22. Nc6 Rxc6 23. bxc6 Qxc6 24. Qxc6 Rxc6 25. Bxf6 gxf6 26. Rd7 Bxa3
27. Ra1 Rxc4 28. g3 Rc1+ 29. Rxc1 Bxc1 30. Rxa7 Bb2 31. Rb7 Bd4 32. Kg2 Kg7 33.
f4 Kg6 34. Kf3 Bc5 35. h3 Bd4 36. Ke4 Bf2 37. g4 Bc5 38. f5+ exf5+ 39. gxf5+
Kg7 40. Kd5 h5 41. Ke4 Bg1 42. Kf3 Bd4 43. Rd7 Bg1 44. Rd8 Bh2 45. Ke4 Bg1 46.
Kd5 Bc5 47. Ra8 Bf2 48. Ra2 Bg3 49. Rb2 Kh6 50. Rxb6 Kg5 51. Ke4 Be5 52. Rb3
Kh4 53. Rf3 Bg3 54. Rf1 Kxh3 55. Kf3 h4 56. Rh1+ Bh2 57. Rd1 Be5 58. Rd7 Kh2
59. Rxf7 Kh3 60. Re7 Bd4 61. Re1 Kh2 62. Re4 h3 63. Rxd4 Kg1 64. Rd1+ Kh2 65.
Kg4 1-0

[Event "Landesklasse Ost 2016/2017"]
[Site "?"]
[Date "2016.11.06"]
[Round "2"]
[White "Vater, Rainer"]
[Black "Gläßl, Matthias"]
[Result "1/2-1/2"]
[WhiteElo "1867"]
[BlackElo "2065"]
[PlyCount "88"]
[EventDate "2016.??.??"]
[WhiteTeam "SV Jenapharm Jena"]
[BlackTeam "ESV Gera"]

1. f4 d6 2. e4 g6 3. Nf3 Bg7 4. g3 c5 5. Bg2 Nc6 6. c3 Nf6 7. Qe2 O-O 8. O-O
Bg4 9. h3 Bxf3 10. Qxf3 e6 11. d3 Nd7 12. Be3 Ne7 13. Nd2 Qc7 14. Rac1 Rad8 15.
Rfd1 b6 16. Bf2 Rc8 17. g4 f6 18. Qg3 e5 19. f5 Bh6 20. h4 Bf4 21. Qf3 Kg7 22.
Be3 Bxe3+ 23. Qxe3 h6 24. Nf1 g5 25. hxg5 fxg5 26. Qg3 Nf6 27. Ne3 b5 28. b3
Qb6 29. c4 b4 30. Rd2 Rh8 31. Bf3 a5 32. Nd1 a4 33. Nb2 axb3 34. axb3 Nc6 35.
Na4 Qc7 36. Bd1 Nd4 37. Rh2 Rcg8 38. Kf1 Qc6 39. Qg2 Kf8 40. Rb1 Kg7 41. Rb2
Ra8 42. Rh3 Rag8 43. Rh2 Kf8 44. Rh3 Kg7 1/2-1/2

[Event "Landesklasse Ost 2016/2017"]
[Site "?"]
[Date "2016.11.06"]
[Round "2"]
[White "Liebold, Aaron"]
[Black "Rauhut, Frank"]
[Result "1/2-1/2"]
[WhiteElo "1655"]
[BlackElo "1794"]
[PlyCount "87"]
[EventDate "2016.??.??"]
[WhiteTeam "ESV Gera"]
[BlackTeam "SV Jenapharm Jena"]

1. e4 g6 2. d4 Bg7 3. Nf3 c5 4. dxc5 Na6 5. Bxa6 bxa6 6. O-O Bb7 7. Re1 Qc7 8.
Nc3 Bxc3 9. bxc3 Qxc5 10. Qd4 Qxd4 11. cxd4 Rc8 12. Rb1 Bc6 13. Bb2 Nf6 14. Nd2
d5 15. e5 Nh5 16. Nb3 Bb5 17. Nc5 Ng7 18. a4 Bc4 19. Ba3 O-O 20. Rb7 Rc6 21.
Reb1 Rb6 22. R1xb6 axb6 23. Rxb6 Rc8 24. Nxa6 Bxa6 25. Rxa6 Ne6 26. Bxe7 Rxc2
27. g3 Rc8 28. a5 Nxd4 29. Rd6 Nc6 30. Bf6 Nxa5 31. Rxd5 Nb7 32. e6 fxe6 33.
Rd7 Nc5 34. Rg7+ Kf8 35. Rxh7 Rc6 36. Bb2 Nd3 37. Bd4 Rc1+ 38. Kg2 Ne1+ 39. Kh3
Nf3 40. Be3 Rc4 41. Bh6+ Ke8 42. Rg7 Rc2 43. Be3 g5 44. Kg2 1/2-1/2

[Event "Landesklasse Ost 2016/2017"]
[Site "?"]
[Date "2016.11.06"]
[Round "2"]
[White "Asmykovich, Ihar"]
[Black "Schubert, Nikita"]
[Result "1-0"]
[WhiteElo "1722"]
[BlackElo "1665"]
[PlyCount "49"]
[EventDate "2016.??.??"]
[WhiteTeam "SV Jenapharm Jena"]
[BlackTeam "ESV Gera"]

1. Nf3 Nf6 2. g3 e6 3. d4 d5 4. Bg2 Be7 5. O-O O-O 6. c4 dxc4 7. Na3 a6 8. Nxc4
b5 9. Nfe5 Nd5 10. Na5 Bd7 11. Nb7 Qc8 12. Nc5 Bc6 13. e4 Nf6 14. Bg5 Bb7 15.
Nxb7 Qxb7 16. Ng4 Nxg4 17. Bxe7 Re8 18. Bg5 h6 19. Bh4 Nxh2 20. Kxh2 g5 21. Qg4
Kh7 22. Bxg5 hxg5 23. Qh5+ Kg7 24. Qxg5+ Kh7 25. Rh1 1-0

[Event "Landesklasse Ost 2016/2017"]
[Site "?"]
[Date "2016.11.06"]
[Round "2"]
[White "Steinmüller, Johannes"]
[Black "Skarus, Steffen"]
[Result "1-0"]
[WhiteElo "1752"]
[BlackElo "1776"]
[PlyCount "49"]
[EventDate "2016.??.??"]
[WhiteTeam "ESV Gera"]
[BlackTeam "SV Jenapharm Jena"]

1. e4 g6 2. d4 Bg7 3. Nc3 d6 4. Nf3 Bg4 5. Be2 Nc6 6. Be3 e5 7. d5 Nce7 8. O-O
f5 9. Ng5 Bxe2 10. Qxe2 Qd7 11. Ne6 Bf6 12. exf5 Nxf5 13. f4 Nge7 14. g4 Nxe3
15. Qxe3 c6 16. g5 cxd5 17. gxf6 Nf5 18. Ng7+ Kf7 19. Nxf5 gxf5 20. Nxd5 Rhg8+
21. Kh1 Qc6 22. Qf3 Rg6 23. Ne7 Qxc2 24. Nxg6 hxg6 25. Qxb7+ 1-0

[Event "Landesklasse Ost 2016/2017"]
[Site "?"]
[Date "2016.11.06"]
[Round "2"]
[White "Thöle, Wolfgang"]
[Black "Kirschner, Torsten"]
[Result "1/2-1/2"]
[WhiteElo "1920"]
[BlackElo "1638"]
[PlyCount "38"]
[EventDate "2016.??.??"]
[WhiteTeam "SV Jenapharm Jena"]
[BlackTeam "ESV Gera"]

1. e4 c5 2. Nf3 e6 3. d4 cxd4 4. Nxd4 Nf6 5. Bd3 a6 6. O-O d6 7. Kh1 Bd7 8. c3
Nc6 9. Ne2 d5 10. exd5 Nxd5 11. c4 Nf6 12. Ng3 Ne5 13. Be2 Bc6 14. Qc2 Bd6 15.
f4 Ng6 16. Bf3 Qc7 17. Bxc6+ Qxc6 18. Qe2 O-O 19. Be3 Nh4 1/2-1/2

[Event "Landesklasse Ost 2016/2017"]
[Site "?"]
[Date "2016.11.06"]
[Round "2"]
[White "Krüger, Mario"]
[Black "Koch, Herbert"]
[Result "1-0"]
[WhiteElo "1473"]
[BlackElo "1534"]
[PlyCount "65"]
[EventDate "2016.??.??"]
[WhiteTeam "ESV Gera"]
[BlackTeam "SV Jenapharm Jena"]

1. d4 g6 2. c4 Bg7 3. Nc3 c6 4. Bf4 d6 5. Nf3 h6 6. e4 Nd7 7. Be2 Ngf6 8. O-O
O-O 9. Qd2 Kh7 10. h3 Ng8 11. Bd3 e5 12. Be3 exd4 13. Nxd4 Ne5 14. Be2 Qc7 15.
Rac1 Be6 16. b3 Qe7 17. Rfd1 a6 18. f4 Nd7 19. Nxe6 Qxe6 20. Qxd6 Qxd6 21. Rxd6
Rad8 22. e5 Nb8 23. Rcd1 Rxd6 24. Rxd6 Re8 25. Bf3 g5 26. g3 gxf4 27. gxf4 Ne7
28. Be4+ Ng6 29. f5 Rxe5 30. fxg6+ fxg6 31. Bxg6+ Kg8 32. Rd8+ Bf8 33. Bxh6 1-0

[Event "Landesklasse Ost 2016/2017"]
[Site "?"]
[Date "2016.11.06"]
[Round "2"]
[White "Werner, Sebastian"]
[Black "Sieber, Stephan"]
[Result "1/2-1/2"]
[WhiteElo "1759"]
[BlackElo "2121"]
[PlyCount "30"]
[EventDate "2016.??.??"]
[WhiteTeam "SSV Vimaria 91 Weimar"]
[BlackTeam "SV Empor Erfurt"]

1. e4 c5 2. Nf3 e6 3. d4 cxd4 4. Nxd4 Nf6 5. Nc3 Bb4 6. Bd3 d5 7. e5 Nfd7 8.
Qg4 g6 9. Nxe6 Bxc3+ 10. bxc3 Nxe5 11. Qd4 Qe7 12. Qxe5 Qxe6 13. Bf4 Nc6 14.
Bb5 O-O 15. Bxc6 Qxc6 1/2-1/2

[Event "Landesklasse Ost 2016/2017"]
[Site "?"]
[Date "2016.11.06"]
[Round "2"]
[White "Taudte, Stefan"]
[Black "Vogel, Steffen"]
[Result "0-1"]
[WhiteElo "1958"]
[BlackElo "1820"]
[PlyCount "140"]
[EventDate "2016.??.??"]
[WhiteTeam "SV Empor Erfurt"]
[BlackTeam "SSV Vimaria 91 Weimar"]

1. d4 d5 2. c4 c6 3. Nf3 Nf6 4. Nc3 e6 5. Bg5 Nbd7 6. c5 Be7 7. e3 O-O 8. b4
Re8 9. Be2 Nf8 10. Ne5 N6d7 11. Bxe7 Qxe7 12. Nxd7 Bxd7 13. O-O e5 14. b5 exd4
15. exd4 Qh4 16. g3 Qf6 17. Qd2 Bh3 18. Rfd1 Ne6 19. f4 Re7 20. Bf3 Rae8 21.
bxc6 bxc6 22. Bxd5 Nxf4 23. Qxf4 Qxf4 24. gxf4 cxd5 25. Kf2 Rd8 26. Re1 Kf8 27.
Rab1 Be6 28. Nb5 g6 29. Nd6 Rdd7 30. Rb8+ Kg7 31. Reb1 Bf5 32. Rc1 Re6 33. Re1
Rxe1 34. Kxe1 Be6 35. Ne8+ Kh6 36. c6 Re7 37. c7 Bc8+ 38. Kd2 Rxe8 39. Kc3 a5
40. Kb3 g5 41. fxg5+ Kxg5 42. Ka4 Kf6 43. Kxa5 Ke7 44. Rb2 Be6 45. Kb6 Rc8 46.
a4 Kd6 47. Rc2 Ra8 48. a5 Bc8 49. Rf2 f5 50. Rg2 Ra6+ 51. Kb5 Ra7 52. Rg8 Rxc7
53. a6 Rc2 54. a7 Rb2+ 55. Ka4 Ra2+ 56. Kb3 Rxa7 57. Rxc8 Rb7+ 58. Kc3 Rc7+ 59.
Rxc7 Kxc7 60. Kd3 Kc6 61. Ke3 Kb5 62. Kf4 Kc4 63. Kxf5 Kxd4 64. h4 Ke3 65. h5
d4 66. Kg5 d3 67. Kh6 d2 68. Kxh7 d1=Q 69. h6 Qh5 70. Kg7 Qg5+ 0-1

[Event "Landesklasse Ost 2016/2017"]
[Site "?"]
[Date "2016.11.06"]
[Round "2"]
[White "Strauch, Martin"]
[Black "Reichardt, Albert"]
[Result "0-1"]
[WhiteElo "1766"]
[BlackElo "1703"]
[PlyCount "88"]
[EventDate "2016.??.??"]
[WhiteTeam "SV Empor Erfurt"]
[BlackTeam "SSV Vimaria 91 Weimar"]

1. e4 c5 2. Nf3 Nc6 3. c3 d6 4. d4 cxd4 5. cxd4 g6 6. d5 Nb8 7. Nc3 Bg7 8. Bb5+
Nd7 9. O-O a6 10. Bxd7+ Bxd7 11. Re1 Bg4 12. h3 Bxf3 13. Qxf3 Nf6 14. Bd2 Nd7
15. Rac1 Qb6 16. Na4 Qb5 17. b3 Ne5 18. Qc3 O-O 19. Nb2 Nc6 20. Qc2 Nd4 21. Qd3
Qxd3 22. Nxd3 Rac8 23. Kf1 Nc2 24. Red1 f5 25. exf5 Rxf5 26. Nb4 Rcf8 27. Nxc2
Rxf2+ 28. Kg1 Re2 29. Be3 Bb2 30. Rd2 Rxd2 31. Bxd2 Bxc1 32. Bxc1 Rc8 33. Bg5
Rxc2 34. Bxe7 Rxa2 35. Bxd6 Rd2 36. b4 Rxd5 37. Bg3 Rf5 38. Be1 Kf7 39. g4 Rf6
40. Kg2 Ke6 41. Kg3 Rf1 42. Bd2 Kd5 43. Kh4 Rh1 44. Kg3 Ke4 0-1